Statistics for Capitals Hidden in a Letter #2

Click here to take the quiz!

General Stats

  • This quiz has been taken 2,847 times
  • The average score is 14 of 24

Answer Stats

Capital City% Correct
Damascus
84%
Warsaw
78%
Freetown
74%
Muscat
70%
Tunis
70%
Managua
66%
Brasilia
65%
Caracas
64%
Tripoli
64%
Victoria
64%
Nairobi
63%
Sana'a
63%
Amman
62%
Berlin
61%
Lisbon
61%
Ankara
60%
Hanoi
60%
Tashkent
57%
Tirana
56%
Kingston
47%
Manila
46%
Athens
43%
Dili
37%
Yaren
34%

Score Distribution

Percentile by Number Answered

Percent of People with Each Score

Your Score History

You have not taken this quiz